Demolición y reutilización de estructuras de hormigón

محفوظ في:
التفاصيل البيبلوغرافية
مؤلفون مشاركون: GEHO-CEB (مؤلف), ATEP (مؤلف), Grupo Español del Hormigón (مؤلف), Asociación Técnica Española de Pretensado (مؤلف)
التنسيق: كتاب
اللغة:الإسبانية
منشور في: Madrid Colegio de Ingenieros de Caminos, Canales y Puertos 1997
سلاسل:Recomendaciones y Manuales Técnicos. Estructuras y Edificación, E-7
الموضوعات:
الوسوم: إضافة وسم
لا توجد وسوم, كن أول من يضع وسما على هذه التسجيلة!

MARC

LEADER 00000nam a2200000 a 4500
001 UCM0788
003 CL-VaPUC
008 020308e19970000SP |||||||||||||||||spa|d
082 0 4 |a 624.176  |b GEH  |2 21 
110 2 |a GEHO-CEB  |e author  |9 467761 
710 2 |a ATEP  |e author  |9 467762 
710 2 |a Grupo Español del Hormigón  |e author  |9 467763 
710 2 |a Asociación Técnica Española de Pretensado  |e author  |9 467764 
245 1 0 |a Demolición y reutilización de estructuras de hormigón 
300 |a 160 p 
942 |c BK 
945 |d 20020308 00:00:00  |a cmena 
260 |a Madrid  |b Colegio de Ingenieros de Caminos, Canales y Puertos  |c 1997 
650 7 |a DEMOLICION DE ESTRUCTURAS  |2 CL-VaPUC  |9 467765 
650 0 |a Estructuras de hormigón   |9 262647 
583 |a last modification  |c 20020308 00:00:00  |k Rodrigo Vera 
490 0 |a Recomendaciones y Manuales Técnicos. Estructuras y Edificación, E-7 
999 |c 299608  |d 299606 
952 |0 0  |1 0  |4 0  |6 624_176000000000000_GEH_1997  |7 0  |8 A  |9 356341  |a BIBING  |b BIBING  |d 2019-11-21  |i 3796787  |o 624.176 GEH 1997  |p 3796787  |r 2025-01-20  |w 2019-11-21  |y BK  |k CCL